| 000 | 00876nac a22001931u 4500 | ||
|---|---|---|---|
| 020 | _a0070589348 | ||
| 082 |
_a620.112 _bN248 |
||
| 090 |
_c123 _d123 |
||
| 100 | _aNash, William A | ||
| 245 | _aSchaum’s outline of theory and problems of statics and mechanics of materials | ||
| 260 |
_aNew Delhi _bTata McGraw-Hill _c1992 |
||
| 650 |
_aStatics _xProblems, exercises, etc |
||
| 650 |
_aStrength of materials _xProblems, exercises, etc |
||
| 650 |
_aStatics _xOutlines, syllabi, etc. |
||
| 650 |
_aStrength of materials _xOutlines, syllabi, etc |
||
| 942 |
_cBB _k620.112N248 |
||
| 999 |
_c123 _d123 |
||